| 000 | 00821nam a22001337a 4500 | ||
|---|---|---|---|
| 005 | 20240722115022.0 | ||
| 008 | 240722b ||||| |||| 00| 0 eng d | ||
| 020 | _a1885477848 | ||
| 100 | _9Wagner, Sheila | ||
| 245 |
_aInclusive programming for the middle school students with autism/ _cSheila Wagner |
||
| 300 |
_axi, 227 p,: _c28cm. |
||
| 505 | _aContents: Autism in a nutshell -- Inclusion discussion: introduction to middle school -- Philosophy and definition of inclusion -- Necessary components -- Profile and characteristics -- Formation of an individual education plan (IEP) -- Behavior programming in middle school -- Academic issues for middle-school students -- Social programming -- Collaboration -- Other programming issues to consider --Let's get to know some middle school students | ||
| 942 |
_2lcc _cREF |
||
| 999 |
_c10327 _d17827 |
||